000 00637nam a22002057a 4500
999 _c2778
_d2778
003 AR-CdUCM
008 190305b ||||| |||| 00| 0 spa d
040 _aMUNICIPALIDAD PROVINCIAL DEL CUSCO
_cBIBLIOTECA MUNICIPAL DEL CUSCO
082 _25ed.
_a335.6 /
_bB74
100 _aBormann, Martin
_99682
245 _aEl testamento político de Hitler /
260 _aMéxico, D. F :
_bDiana,
_c1966.
300 _a173 paginas ;
_c20 cm.
505 _aEl testamento político de Hitler ...
650 _aTestamento político
_99683
650 _aPensamiento
_9461
650 _aRevolución Nazi
_99684
942 _2ddc
_cLIBROS
945 _aacv